Statistics for Mobile Legends - All Heroes

Click here to take the quiz!

General Stats

  • This quiz has been taken 47 times
  • The average score is 79 of 123

Answer Stats

Role(s)ReleaseHero% Correct
Marksman2016Layla
97%
Marksman2016Miya
95%
Tank2016Tigreal
90%
Assassin2017Lancelot
87%
Mage2016Nana
87%
Fighter/Assassin2016Alucard
85%
Fighter2016Balmond
85%
Mage2016Eudora
85%
Assassin2016Karina
85%
Mage/Tank2016Alice
82%
Tank2020Atlas
82%
Assassin2016Hayabusa
82%
Mage2018Vale
82%
Fighter2016Chou
79%
Assassin2016Fanny
79%
Assassin2018Gusion
79%
Tank/Support2017Johnson
79%
Fighter/Assassin2016Zilong
79%
Mage2017Aurora
77%
Tank2016Franco
77%
Marksman2019Granger
77%
Marksman/Assassin2018Lesley
77%
Support2016Rafaela
77%
Mage2018Valir
77%
Fighter2020Yu Zhong
77%
Tank2016Akai
74%
Support2018Angela
74%
Marksman2020Brody
74%
Marksman2016Clint
74%
Support2017Estes
74%
Tank2019Khufra
74%
Assassin2019Ling
74%
Mage2017Odette
74%
Assassin2016Saber
74%
Marksman2019Wanwan
74%
Tank2018Belerick
72%
Marksman2018Claude
72%
Support2017Diggie
72%
Tank/Fighter2017Gatotkaca
72%
Fighter/Assassin2021Paquito
72%
Fighter2018Aldous
69%
Mage2017Cyclops
69%
Fighter2019Dyrroth
69%
Mage/Tank2019Esmeralda
69%
Mage2016Gord
69%
Marksman2018Hanabi
69%
Assassin2018Hanzo
69%
Marksman2017Irithel
69%
Mage/Assassin2018Kadita
69%
Mage2016Kagura
69%
Support/Assassin2020Mathilda
69%
Fighter2017Alpha
67%
Assassin/Fighter2020Benedetta
67%
Marksman2016Bruno
67%
Mage2018Chang'e
67%
Fighter2018
Thamuz
67%
Assassin2017Helcurt
67%
Assassin2016Natalia
67%
Assassin/Mage2018Selena
67%
Fighter2019Badang
64%
Mage2020Cecilion
64%
Support2021Floryn
64%
Mage2018Harith
64%
Assassin/Mage2017Harley
64%
Fighter2017Lapu-Lapu
64%
Mage2018Lunox
64%
Mage2019Lylia
64%
Tank/Support2016Minotaur
64%
Marksman2017Moskov
64%
Fighter/Marksman2017Roger
64%
Mage2017Vexana
64%
Fighter/Assassin2022Yin
64%
Tank/Marksman2021Edith
62%
Marksman2017Karrie
62%
Mage2020Luo Yi
62%
Marksman2021Natan
62%
Mage2017Pharsa
62%
Fighter/Tank2017Ruby
62%
Fighter2016Sun
62%
Tank2018Uranus
62%
Tank2019Baxia
59%
Tank/Fighter2017Grock
59%
Fighter2019Guinevere
59%
Marksman/Mage2018Kimmy
59%
Fighter2019Terizla
59%
Fighter2017Argus
56%
Support/Mage2018Faramis
56%
Marksman2023Ixia
56%
Fighter2018Martis
56%
Marksman2022Melissa
56%
Assassin2023Nolan
56%
Mage2023Novaria
56%
Fighter2019Silvanna
56%
Assassin/Marksman2017Yi Sun-shin
56%
Fighter/Mage2016Bane
54%
Fighter2016Freya
54%
Fighter/Tank2017Hilda
54%
Fighter2018Jawhead
54%
Mage2020Yve
54%
Fighter/Assassin2023Arlott
51%
Marksman2021Beatrix
51%
Support/Tank2020Carmilla
51%
Fighter/Tank2022Fredrinn
51%
Tank2017Hylos
51%
Support/Fighter2018Kaja
51%
Fighter2020Khaleed
51%
Fighter/Tank2019Masha
51%
Marksman2020Popol and Kupa
51%
Mage2022Xavier
51%
Fighter2019X.Borg
51%
Tank/Fighter2020Barats
49%
Fighter2018Minsitthar
49%
Mage2017Zhask
49%
Assassin2021Aamon
46%
Tank2021Gloo
46%
Fighter2018Leomord
46%
Assassin2022Joy
44%
Fighter/Mage2022Julian
44%
Fighter2021Phoveus
41%
Mage2021Valentina
38%
Fighter2021Aulus
36%
Fighter2023Cixia
3%
Support/Tank2016Lolital
3%

Score Distribution

Percentile by Number Answered

Percent of People with Each Score

Your Score History

You have not taken this quiz